Modern Heroes, Modern Slaves. (Record no. 276580)
[ view plain ]
| 000 -LEADER | |
|---|---|
| fixed length control field | 00466nam a2200169 a 4500 |
| 005 - DATE AND TIME OF LATEST TRANSACTION | |
| control field | 20141022142007.0 |
| 008 - FIXED-LENGTH DATA ELEMENTS--GENERAL INFORMATION | |
| fixed length control field | 110202s19uu xx 00 eng d |
| 050 ## - LIBRARY OF CONGRESS CALL NUMBER | |
| Classification number | VCD |
| Item number | G98 1997 |
| 245 ## - TITLE STATEMENT | |
| Title | Modern Heroes, Modern Slaves. |
| 260 ## - PUBLICATION, DISTRIBUTION, ETC. (IMPRINT) | |
| Place of publication, distribution, etc | Quezon City : |
| Name of publisher, distributor, etc | Ibon Foundatin, |
| Date of publication, distribution, etc | 1997. |
| 500 ## - GENERAL NOTE | |
| General note | English.45 min. |
| 650 ## - SUBJECT ADDED ENTRY--TOPICAL TERM | |
| Topical term or geographic name as entry element | OFW- Philippines. |
| 650 ## - SUBJECT ADDED ENTRY--TOPICAL TERM | |
| Topical term or geographic name as entry element | Labor-Malpractices. |
| 700 ## - ADDED ENTRY--PERSONAL NAME | |
| Personal name | producer: Malcolm Guy |
| 700 ## - ADDED ENTRY--PERSONAL NAME | |
| Personal name | director: Marie Boti |
| 942 ## - ADDED ENTRY ELEMENTS (KOHA) | |
| Koha item type | Audio Visual Materials |
| Withdrawn status | Lost status | Damaged status | Use restrictions | Home library | Current library | Shelving location | Date acquired | Source of acquisition | Total Checkouts | Full call number | Barcode | Date last seen | Price effective from | Koha item type |
|---|---|---|---|---|---|---|---|---|---|---|---|---|---|---|
| College Library | College Library | Audio Visual Material Section | 02/02/2011 | VCD G98 1997 | AVM00182 | 11/11/2014 | 04/12/2014 | Audio Visual Materials |